| 000 | 01029nam a22002297a 4500 | ||
|---|---|---|---|
| 005 | 20110722165916.0 | ||
| 010 | _aB-430999 | ||
| 020 |
_a9780195677041 _c645.00 |
||
| 020 |
_a0195677048 _c645.00 |
||
| 035 | _aB-430999 | ||
| 037 | _bAllied Publishers | ||
| 082 | _a305.30954 | ||
| 245 |
_aRhetoric and reality : _bgender and the colonial experience in South Asia / _cedited by Avril A. Powell and Siobhan Lambert-Hurley. |
||
| 260 |
_aNew Delhi _bOxford University Press _c2006 |
||
| 300 |
_aviii, 320 p. ; _c22cm. (Hb) |
||
| 490 |
_aSOAS studies on South Asia _930249 |
||
| 700 |
_aPowell, Avril A _930001 |
||
| 700 |
_aLambert-Hurley, Siobhan. _930002 |
||
| 942 |
_2ddc _cEN _h305.30954 _mRHE |
||
| 999 |
_c54274 _d54274 |
||